Wymień miasto w Polsce, w którym występują co najmniej dwa kluby piłka - Statystyki

Ogólne statystyki
  • Ten quiz został rozwiązany 124 razy
  • Średni wynik to 8 z 13
Statystyki odpowiedzi
Odpowiedź % Poprawnych
Warszawa
98%
Kraków
95%
Poznań
93%
Łódź
88%
Rzeszów
70%
Katowice
68%
Gdynia
65%
Częstochowa
53%
Radom
47%
Zabrze
39%
Bielsko-Biała
30%
Bytom
29%
Sosnowiec
29%
Nie znaleziono quizów pasujących do podanych kryteriów
Rozkład punktacji
Procent ludzi z każdym wynikiem
Percentyl według liczby udzielonych odpowiedzi
Twoja historia wyników
Nie rozwiązałeś tego quizu